Big Brother Alliances (US) - Statistics

General Stats
  • This quiz has been taken 35 times
  • The average score is 6 of 9
Answer Stats
Hint Answer % Correct
Boogie, Dr. Will Chilltown
97%
Ian, Britney, Danielle, Shane, Dan The Quack Pack
90%
Enzo, Hayden, Lane, Matt The Brigade
83%
Aaryn, Amanda, Andy, Mccrae 3 AM
66%
Howard, Ginamarie, Andy, Spencer, Judd The Exterminators
62%
Howard, Nick, Spencer, Mccrae The Moving Company
55%
Britney, Danielle, Shane, Dan, Boogie, Frank The Silent Six
48%
Lawon, Dominic, Keith, Cassi The Regulators
38%
Kaitlin, Ginamarie, Judd, Howard, Spencer The Young Grasshoppers
14%
No matching quizzes found
Score Distribution
Percent of People with Each Score
Percentile by Number Answered
Your Score History
You have not taken this quiz